| 000 | 01772 a2200277 4500 | ||
|---|---|---|---|
| 999 |
_c11202 _d11202 |
||
| 020 | _a9781437708875 | ||
| 050 | 0 | 0 |
_aR858.35 _b HEA 2012 |
| 245 | 0 | 0 |
_aHealth information : _bmanagement of a strategic resource / _c[edited by] Mervat Abdelhak, Sara Grostick, Mary Alice Hanken. |
| 250 | _afourth edition | ||
| 264 |
_aSt,Louis: _bElsevier, _c2012 |
||
| 300 |
_a740 pages _billustrations |
||
| 336 |
_2rdacontent _atext _btxt |
||
| 337 |
_2rdamedia _aunmediated _bn |
||
| 338 |
_2rdacarrier _avolume _bnc |
||
| 504 | _aIncludes bibliographical references and index. | ||
| 505 | 0 | _aHealth care systems -- The health informatics and information management profession -- Health information infrastructure and systems -- Health data concepts -- Electronic health record systems -- Classification systems, clinical vocabularies, and terminology -- Data access and retention -- Technology, applications, and security -- Information systems life cycle and project management -- Managing electronic health record systems : collaboration and implementation -- Statistics -- Research and epidemiology -- Performance management and patient safety -- Data analysis and use -- Privacy and health law -- Human resource management -- Operational management -- Revenue cycle and financial management -- Viewpoints. | |
| 650 | 0 | _aMedical informatics. | |
| 650 | 0 | _aInformation resources management. | |
| 650 | 1 | 2 |
_aMedical Informatics _xorganization & administration. |
| 650 | 2 | 2 |
_aInformation Services _xorganization & administration. |
| 700 | 1 |
_aAbdelhak, Mervat. _eeditor |
|
| 700 | 1 |
_aGrostick, Sara. _eeditor |
|
| 700 | 1 |
_aHanken, Mary Alice. _eeditor |
|
| 942 |
_2lcc _cBK _efourth edition _h858.35 _iHEA _kR |
||